| 000 | 00792cam a2200217 a 4500 | ||
|---|---|---|---|
| 001 | 000015272 | ||
| 005 | 20250717131055.0 | ||
| 008 | 840512s1964 sp ab 001 0 spa d | ||
| 040 |
_aDO-SdBNP _bspa _cDLC _dBNPHU |
||
| 082 |
_a230.071 _bG492s |
||
| 100 | 1 |
_aGiner, Carlos. _934549 |
|
| 245 | 1 | 0 |
_aLo social y yo : _btexto de doctrina social católica / _cCarlos Giner, Dionisio Aranzadi. |
| 260 |
_aBilbao, España : _bEditorial El mensajero del corazón de jesús, _c1964. |
||
| 300 |
_a287 p. : _bil., mapas ; _c22 cm. |
||
| 650 | 4 |
_aSociología cristiana _xIglesia católica _934550 |
|
| 650 | 4 |
_aSociología cristiana _xEnseñanza pontificia _98585 |
|
| 650 | 0 |
_aEducación religiosa _9682 |
|
| 700 | 1 |
_aAranzadi, Dionisio _934551 |
|
| 910 | _aCatalogación por copia / LC | ||
| 049 | _aBNGR | ||
| 999 |
_c14838 _d14838 |
||